|
|
|
|
| LEADER |
02708nam a22004453i 4500 |
| 001 |
EBC6676601 |
| 003 |
MiAaPQ |
| 005 |
20231204023217.0 |
| 006 |
m o d | |
| 007 |
cr cnu|||||||| |
| 008 |
231204s2021 xx o ||||0 ger d |
| 020 |
|
|
|a 9783658337551
|q (electronic bk.)
|
| 020 |
|
|
|z 9783658337544
|
| 035 |
|
|
|a (MiAaPQ)EBC6676601
|
| 035 |
|
|
|a (Au-PeEL)EBL6676601
|
| 035 |
|
|
|a (OCoLC)1266658949
|
| 040 |
|
|
|a MiAaPQ
|b eng
|e rda
|e pn
|c MiAaPQ
|d MiAaPQ
|
| 050 |
|
4 |
|a JF20-2112
|
| 100 |
1 |
|
|a Hummel, Patrik.
|
| 245 |
1 |
0 |
|a Datensouveränität :
|b Governance-Ansätze Für Den Gesundheitsbereich.
|
| 250 |
|
|
|a 1st ed.
|
| 264 |
|
1 |
|a Wiesbaden :
|b Springer Fachmedien Wiesbaden GmbH,
|c 2021.
|
| 264 |
|
4 |
|c {copy}2021.
|
| 300 |
|
|
|a 1 online resource (49 pages)
|
| 336 |
|
|
|a text
|b txt
|2 rdacontent
|
| 337 |
|
|
|a computer
|b c
|2 rdamedia
|
| 338 |
|
|
|a online resource
|b cr
|2 rdacarrier
|
| 490 |
1 |
|
|a Essentials Series
|
| 505 |
0 |
|
|a Intro -- Was Sie in diesem essential finden können -- Einleitung -- Inhaltsverzeichnis -- 1 Datensouveränität als informationelle Freiheitsgestaltung -- 1.1 Souveränität im digitalen Raum -- 1.2 Datensouveränität -- 1.3 Die Probleme der aktuellen Input-Orientierung von informationeller Selbstbestimmung -- 1.4 Schutz eigener Daten als Aspekt von Datensouveränität -- 1.5 Verfügbarmachung von Daten als Ausdruck von Datensouveränität -- 1.6 Strukturbedingungen von Datensouveränität -- 2 Dynamic Consent als Umsetzungsmechanismus von Datensouveränität -- 2.1 Die informierte Einwilligung als basales - und weiterhin zentrales - Legitimationsmodell des Datenschutzrechts -- 2.2 Dynamic Consent als problemadäquate Lösung -- 2.3 Dynamic Consent und Datentreuhänder -- 2.4 Dynamic Consent und erweiterte Schutzperspektiven -- 3 Governance-Ansätze -- 3.1 Hard Law -- 3.2 Soft Law -- 3.3 Teilhabe -- 3.4 IT -- Was Sie aus diesem essential mitnehmen können -- Literatur.
|
| 588 |
|
|
|a Description based on publisher supplied metadata and other sources.
|
| 590 |
|
|
|a Electronic reproduction. Ann Arbor, Michigan : ProQuest Ebook Central, 2023. Available via World Wide Web. Access may be limited to ProQuest Ebook Central affiliated libraries.
|
| 655 |
|
4 |
|a Electronic books.
|
| 700 |
1 |
|
|a Braun, Matthias.
|
| 700 |
1 |
|
|a Augsberg, Steffen.
|
| 700 |
1 |
|
|a Ulmenstein, Ulrich von.
|
| 700 |
1 |
|
|a Dabrock, Peter.
|
| 776 |
0 |
8 |
|i Print version:
|a Hummel, Patrik
|t Datensouveränität
|d Wiesbaden : Springer Fachmedien Wiesbaden GmbH,c2021
|z 9783658337544
|
| 797 |
2 |
|
|a ProQuest (Firm)
|
| 830 |
|
0 |
|a Essentials Series
|
| 856 |
4 |
0 |
|u https://ebookcentral.proquest.com/lib/matrademy/detail.action?docID=6676601
|z Click to View
|